000
00304nam a2200121Ia 4500
008
190216s9999||||xx |||||||||||||| ||und||
100
_a
Maheshwari Sn&Amp; Maheshwari S K
245
0
_a
Advanced Accountancy
260
_b
Vikas Publishing House
_c
2000
300
_a
2025p
650
_a
Commerce
942
_c
BK
999
_c
6318
_d
6318